[Event "RSA-chT U12"]
[Site "Cape Town"]
[Date "2016.01.07"]
[Round "7.3"]
[White "Thakersee, Rishay"]
[Black "Cordier, Christian"]
[Result "1-0"]
[WhiteElo "1340"]
[BlackElo "1035"]
[PlyCount "97"]
[EventDate "2016.01.04"]
[EventType "team-tourn"]
[EventRounds "7"]
[EventCountry "RSA"]
[SourceTitle "CBM 170 Extra"]
[Source "ChessBase"]
[SourceDate "2016.02.25"]
[SourceVersion "1"]
[SourceVersionDate "2016.02.25"]
[SourceQuality "1"]
[WhiteTeam "Western Province"]
[BlackTeam "Kenneth Kaunda"]
[WhiteTeamCountry "RSA"]
[BlackTeamCountry "RSA"]

1. e4 c6 2. d4 d5 3. exd5 cxd5 4. Bd3 Nf6 5. Bf4 Bg4 6. Nf3 e6 7. Nbd2 Bd6 8. Bxd6 Qxd6 9. c3 Nc6 10. 0-0 0-0 11. h3 Bh5 12. Qe2 e5 13. dxe5 Nxe5 14. Qxe5 Qxe5 15. Nxe5 Rfe8 16. Nef3 Bxf3 17. Nxf3 g6 18. Nd4 a6 19. Rfe1 Rxe1+ 20. Rxe1 Re8 21. Rxe8+ Nxe8 22. Kf1 Kg7 23. Nb3 Nd6 24. Ke2 Kf6 25. Ke3 Nc4+ 26. Bxc4 dxc4 27. Nc5 b5 28. Nxa6 Ke5 29. Nc7 f5 30. f4+ Kd6 31. Nxb5+ Kc5 32. Nd6 Kxd6 33. Kd4 Ke6 34. a4 Kd6 35. a5 Kc6 36. Kxc4 h6 37. b4 g5 38. b5+ Kb7 39. a6+ Kb6 40. g3 gxf4 41. gxf4 h5 42. h4 Ka7 43. Kc5 Kb8 44. Kb6 Ka8 45. Kc7 Ka7 46. b6+ Kxa6 47. b7 Ka5 48. b8Q Ka4 49. Qb4# 1-0

[Event "RSA-chT U12"]
[Site "Cape Town"]
[Date "2016.01.05"]
[Round "4.3"]
[White "Cordier, Christian"]
[Black "Nieuwoudt, Amelie"]
[Result "1-0"]
[WhiteElo "1035"]
[BlackElo "928"]
[PlyCount "37"]
[EventDate "2016.01.04"]
[EventType "team-tourn"]
[EventRounds "7"]
[EventCountry "RSA"]
[SourceTitle "CBM 170 Extra"]
[Source "ChessBase"]
[SourceDate "2016.02.25"]
[SourceVersion "1"]
[SourceVersionDate "2016.02.25"]
[SourceQuality "1"]
[WhiteTeam "Kenneth Kaunda"]
[BlackTeam "Johannesburg Metro"]
[WhiteTeamCountry "RSA"]
[BlackTeamCountry "RSA"]

1. d4 e6 2. Nf3 d5 3. c3 c5 4. Qc2 Nc6 5. e3 Qb6 6. Bd3 Nf6 7. Nbd2 Bd7 8. b3 Rc8 9. Bb2 cxd4 10. exd4 Na5 11. c4 dxc4 12. Nxc4 Nxc4 13. Bxc4 Bb5 14. Bxb5+ Nd7 15. Qxc8+ Qd8 16. Bxd7+ Ke7 17. Ba3+ Kf6 18. Qxd8+ Kg6 19. Qg5# 1-0

[Event "RSA-chT U12"]
[Site "Cape Town"]
[Date "2016.01.05"]
[Round "3.3"]
[White "McLuckie, Aiden"]
[Black "Cordier, Christian"]
[Result "0-1"]
[WhiteElo "993"]
[BlackElo "1035"]
[PlyCount "92"]
[EventDate "2016.01.04"]
[EventType "team-tourn"]
[EventRounds "7"]
[EventCountry "RSA"]
[SourceTitle "CBM 170 Extra"]
[Source "ChessBase"]
[SourceDate "2016.02.25"]
[SourceVersion "1"]
[SourceVersionDate "2016.02.25"]
[SourceQuality "1"]
[WhiteTeam "Ekurhuleni"]
[BlackTeam "Kenneth Kaunda"]
[WhiteTeamCountry "RSA"]
[BlackTeamCountry "RSA"]

1. e4 c6 2. d4 d5 3. exd5 cxd5 4. Nf3 Nf6 5. Nc3 Bg4 6. Bf4 e6 7. Bb5+ Nc6 8. 0-0 Bd6 9. Qd2 Qc7 10. Bxd6 Qxd6 11. Qe3 Bxf3 12. Qxf3 0-0 13. Rad1 a6 14. Be2 Rfd8 15. Nxd5 exd5 16. c3 Re8 17. Rfe1 Qe6 18. Rd2 Qg4 19. Rdd1 Qe6 20. h3 Qe4 21. Qd3 Qxd3 22. Rxd3 Re7 23. Re3 Rxe3 24. fxe3 Re8 25. Bd3 g6 26. a3 Ne7 27. e4 dxe4 28. Bxe4 Nf5 29. Rd1 Nxe4 30. d5 Rd8 31. c4 b5 32. b3 bxc4 33. bxc4 Rc8 34. g4 Nfd6 35. Rd4 Rb8 36. Kg2 Rb3 37. a4 Ra3 38. h4 Rxa4 39. Rd1 Rxc4 40. Kf3 Nc3 41. Rb1 Nxd5 42. h5 gxh5 43. gxh5 Rf4+ 44. Kg3 Nf5+ 45. Kg2 Nde3+ 46. Kh3 Rh4# 0-1